LEADER 01191nam a2200229 i 4500 001 000000138317 003 CaOOAMICUS 005 20050812000000.0 008 050812s1991 it u000 u ita u 013 $a112212 040 $aSeMil$bita 245 13$aIl rapporto di Napoli sul problema mente-corpo :$batti di un Convegno e Documento conclusivo (Napoli Vico Equense, 3-5 maggio 1990) /$cIstituto Per Ricerche ed Attivitą Educative. 260 $aNapoli :$bIPE Istituto per ricerche ed attivitą educative,$c1991. 300 $a387 p. ;$c21 cm. 500 $aContiene : Appendici. 650 4$aMente e corpo.$0(OLS)http://semarc/subject/14775 700 1 $aIstituto Per Ricerche ed Attivitą Educative .$0(OLS)http://semarc/name/56023 850 $aSeMil 852 $aSeMil$W1$xVenegono$y1$m1108 1 4 *$j91808$B91808$CSeMilBibl$Z2$F96826 $81 961 $aLascito: Corradi mons. Enrico 996 $6245$aIl rapporto di Napoli sul problema mente-corpo :$batti di un Convegno e Documento conclusivo (Napoli Vico Equense, 3-5 maggio 1990)$9(OLS)http://semarc/title/202203 996 $6260$aNapoli :$bIPE Istituto per ricerche ed attivitą educative$9(OLS)http://semarc/publisher/33651 LEADER 00741nam a2200193 4500 001 000000358715 003 CaOOAMICUS 005 20240621143643.0 008 240621s1980 it a e 000 u ita r 040 $aSeMil$bita 245 00$a11: Prodotti-Ricchezza. 264 1$aTorino :$bGiulio Einaudi,$c1980. 300 $aX, 1129 p., [12] carte di tav. :$bill. ;$c22 cm 773 0 $tEnciclopedia.$dTorino : Giulio Einaudi, 1977-1984.$g11$w()358703 850 $aSeMil 852 $aSeMil$W1$xVenegono$y1$mSL1.L II 11$j268457$B249880$CSeMilBibl$Z2$F249880 $8I 996 $6245$a11: Prodotti-Ricchezza$9(OLS)http://semarc/title/449117 996 $6264$aTorino :$bGiulio Einaudi$9(OLS)http://semarc/publisher/29810